| 000 | 00000nas 2200000za 4500 |
| 001 | 9.502189 |
| 003 | CaOODSP |
| 005 | 20230823081430 |
| 007 | cr ||||||||||| |
| 008 | 150406d20022009xxc|| p o||||f| |0fre|d |
| 040 | |aCaOODSP|bfre |
| 043 | |an-cn--- |
| 086 | 1 |aFs151-1F-PDF |
| 245 | 00|aProgramme de la recherche et du développement de la Garde côtière canadienne, rapport annuel. |
| 264 | 1|aOttawa, Ontario : |bPêches et Océans Canada |
| 310 | |aAnnuel |
| 362 | 1 |aParaît depuis 2001-2002; ne paraît plus après 2008-2009. |
| 710 | 2 |aGarde côtière canadienne, |eorganisme de publication. |
| 775 | 08|tCanadian Coast Guard - Research and Development Program - annual report |w(CaOODSP)9.505785 |